Rozpoznaj kluby piłkarskie po starym herbie - Statystyki

Ogólne statystyki
  • Ten quiz został rozwiązany 46 razy
  • Średni wynik to 12 z 16
Statystyki odpowiedzi
Obrazkowy Odpowiedź % Poprawnych
Aston Villa
93%
Manchester City
93%
AC Fiorentina
91%
Real Madryt
91%
Girona
86%
VfL Wolfsburg
86%
Liverpool
84%
Eintracht Frankfurt
82%
Borussia Dortmund
80%
Leicester City
77%
1.FC Köln
70%
Espanyol
68%
West Ham United
68%
Osasuna
59%
Juventus
43%
FC Augsburg
36%
Nie znaleziono quizów pasujących do podanych kryteriów
Rozkład punktacji
Procent ludzi z każdym wynikiem
Percentyl według liczby udzielonych odpowiedzi
Twoja historia wyników
Nie rozwiązałeś tego quizu